| 000 | 01400njm a22003137a 4500 | ||
|---|---|---|---|
| 005 | 20100913135713.0 | ||
| 006 | a|||||r|||||00| 0 | ||
| 007 | sd ammalaaahaa | ||
| 008 | 100910t xxu||||| |||| 00| 0 eng d | ||
| 028 |
_aEMOE.10537 _bOdeon |
||
| 035 | _aGR-02228 | ||
| 040 |
_aSED _cSED |
||
| 100 |
_aJagmohan Deep _919365 |
||
| 245 |
_aMelodies from Punjab / _csung by Jagmohan Deep...[et.al]; music by Shivram [and] K. S. Narula; lyric by Babu Singh Maan _h[sound recording] : |
||
| 246 | _aमेलोडीस फ्रॉम पंजाब / जगमोहन दीप द्वारा | ||
| 260 |
_aDum Dum, India _bOdeon _c1973 |
||
| 300 |
_a1 sound disc [Gramophone Recording] : _banalog, 45 rpm _c7.5 in. (SP) _fGramaphone Records |
||
| 500 | _aBrief record | ||
| 500 | _aRecord Lebels : Odeon, Black | ||
| 505 | _aSide-1 अविन सोह्नियन सजना (Watnan wal avin sohnian sajna) (Jagmohan Deep) Side-2 लुट्टी हीर वे घम्मान (Lutti heer ve ghamman) (Surender Kaur) | ||
| 600 |
_aJagmohan Deep _919611 |
||
| 650 |
_2Excerpts. _aPunjabi Music _bIndia _919366 |
||
| 700 |
_aParwana, Chatar Singh _919722 |
||
| 700 |
_aMaan, Babu Singh _919723 |
||
| 700 |
_aShivram _919724 |
||
| 700 |
_aNarula, K. S. _919744 |
||
| 942 |
_2ddc _cGR |
||
| 999 |
_c45413 _d45413 |
||